000 00861nam a22002177a 4500
005 20100731142652.0
010 _aENG-97530
020 _a9788184501964
_c2200.00
035 _aEN-81063
037 _bDBAD/PUB
082 _a362.10954
100 _aGoel, S. L.
_93355
245 _aSecondary and tertiary health care system and hospital administration /
_cby S. L. Goel
260 _aNew Delhi
_bDeep & Deep Publications
_c2010
270 _aF-159, Rajouri Garden
_bNew Delhi
_e110027
300 _axviii, 501p.
_c24cm (Hb)
490 _aHealth care system and hospital administration-6
_93356
500 _aIncludes bibliographical references and index
942 _2ddc
_cEN
_h362.10954
_mGOE
999 _c38422
_d38422